| 000 | 00958nam a22002655i 4500 | ||
|---|---|---|---|
| 001 | 175189 | ||
| 003 | ES-MaACL | ||
| 005 | 20250822040306.0 | ||
| 008 | 101013s1967 sp |||| | spa d | ||
| 080 | _a615.851 | ||
| 080 | _a616.89 | ||
| 245 | 0 | 0 |
_aExistencia : _bnueva dimensión en psiquiatría y psicología / _cRollo May, Ernest Angel, Henri F. Ellenberger (eds.) ; versión española de Cecilio Sánchez Gil. |
| 260 |
_aMadrid : _bGredos, _c[1967] |
||
| 300 |
_a523 p. ; _c24 cm. |
||
| 490 | 1 |
_aBiblioteca de psicología y psicoterapia ; _v7 |
|
| 650 | 7 |
_aPsiquiatría _2embne _916586 |
|
| 650 | 4 |
_aPsicoterapia. _916579 |
|
| 700 | 1 |
_aMay, Rollo. _979326 |
|
| 700 | 1 |
_aErnest, Angel. _9143578 |
|
| 700 | 1 |
_aEllenberger, Henri F. _9143579 |
|
| 700 | 1 |
_aSánchez Gil, Cecilio. _9102671 |
|
| 830 | 1 | 0 |
_aBiblioteca de psicología y psicoterapia _v7 _9189553 |
| 852 | 4 |
_aES-MaACL _jE-13362 _xOlim P-527-Ter |
|
| 999 |
_c175189 _d175189 |
||